000 00940nam a2200337 a 4500
003 AR-BaBNM
005 20251128203611.0
008 082120s2002 ||||||||||||||000 | spa||
040 _cAR-BaBNM
245 0 0 _aAlfonso el Sabio
260 _aMadrid
_bConsejo Superior de Investigaciones Científicas
_c1941
300 _a247 p.
490 0 _aBiblioteca literaria del estudiante
_vv. 29
500 _aContiene índice de las obras compiladas en p. 241-247
650 4 _aLITERATURA ESPAÑOLA
650 4 _aHISTORIA MEDIEVAL
650 4 _aHISTORIA ECONOMICA
650 4 _aHISTORIA SOCIAL
650 4 _aHISTORIA DE LAS RELIGIONES
650 4 _aCRISTIANISMO
650 4 _aISLAM
650 4 _aLITERATURA CATOLICA
650 4 _aASTRONOMIA
651 4 _aEspaña
653 _aCRUZADAS
653 _aCRONICAS
655 _aLITERATURA
700 1 _aCardenal de Iracheta, Manuel
_ecompilador
942 _cBK
998 _cisola
999 _c4092
_d4092